| 000 | 00997nam a2200289 i 4500 | ||
|---|---|---|---|
| 003 | DO-SdBNP | ||
| 005 | 20250509141019.0 | ||
| 007 | ta | ||
| 008 | 250509b2006 sp a|||| |||| 00| 0 spa d | ||
| 020 | _a9788497772303 | ||
| 040 |
_aDO-SdBNP _bspa _cBNPHU _erda |
||
| 041 | _aspa | ||
| 082 | 4 |
_axxx _bF537, 2006 _222 |
|
| 100 |
_aFishert, Robert _eautor _4aut. _960058 |
||
| 245 | 1 | 3 |
_aEl caballero de la armadura oxidada / _cRobert Fishert ; traducción, Verónica d´Ornellas Radziwill ; ilustraciones, Mario Diniz |
| 264 | 4 |
_aBarcelona : _bEdiciones Obelisco, _c©2006. |
|
| 300 |
_a108 páginas : _bilustraciones ; _c22 cm. |
||
| 336 |
_atexto _btxt _2rdacontent |
||
| 337 |
_asin mediación _bn _2rdamedia |
||
| 338 |
_avolumen _bnc _2rdacarrier |
||
| 490 | 1 | _aColección Nueva Consciencia | |
| 590 | _aInventariado, 2025/BT | ||
| 700 | 1 |
_ad´Ornella Radziwill, Verónica, _etraductor _4tr. _987715 |
|
| 700 | 1 |
_aDiniz, Mario, _eilustrador _4il. _987727 |
|
| 910 | _aBtavárez | ||
| 942 |
_2ddc _cLBS1 |
||
| 999 |
_c58985 _d58985 |
||